| 000 | 00782nmm a2200265 a 4500 | ||
|---|---|---|---|
| 003 | AR-BaBNM | ||
| 005 | 20251128203801.0 | ||
| 008 | 147019s1972 ||||||||||||||000 | spa|| | ||
| 040 | _cAR-BaBNM | ||
| 100 | 1 | _aWitherspoon, John P. | |
| 245 | 1 | 0 |
_aInstalaciones de televisión educativa _bguía para una programación |
| 260 |
_aMéxico, D.F. _aBuenos Aires _bDiana _bCentro Regional de Ayuda Técnica _c1972 |
||
| 300 | 0 |
_a102 p. _bil., gráfs. |
|
| 650 | 4 | _aMEDIOS DE COMUNICACION | |
| 650 | 4 | _aTELEVISION EDUCATIVA | |
| 650 | 4 | _aRADIO EDUCATIVA | |
| 650 | 4 | _aMATERIAL AUDIOVISUAL | |
| 650 | 4 | _aGRABACIONES | |
| 650 | 4 | _aPROYECTORES | |
| 653 | 0 | _aVIDEO | |
| 700 | 1 | _aKessler, William J. | |
| 700 | 1 |
_aBosch Tejada, Antonio _etraductor |
|
| 942 | _cBK | ||
| 998 | _cCarmen | ||
| 999 |
_c4938 _d4938 |
||